| 000 | 00352nam a22001217a 4500 | ||
|---|---|---|---|
| 082 | _a200 THE | ||
| 100 |
_aIrum Saba _970359 |
||
| 245 | _aTH-SOF-1675-Planar Microstrip Trisection Filters | ||
| 260 |
_aISLAMABAD _bNUST COLLEGE OF EME _c2019 |
||
| 650 |
_aMS-ELECT-2015 MSTHESIS _969477 |
||
| 700 |
_aSupervisor Dr. Mojeeb Bin Ihsan _970105 |
||
| 942 | _cCF | ||
| 999 |
_c577347 _d577347 |
||